Kaiser Karl: Ein neuer Seliger für Europa?

Bibliographic Details
Main Author: Dufferová, Alžbeta, 1950- (Author)
Format: Article
Language:Slovak
German
ISBN:8071414301
Subjects:

MARC

LEADER 00000nab a2200000 a 4500
001 vtls008850295
003 SK-MaSNL
005 20260303062659.0
008 150420|2005 xo u|me|||||||00 ||slo
015 |a SNBRA2006/09 
038 |a SNKBUCL 
040 |a SNKBUCL  |b slo  |c SNKBUCL  |e AACR2 
041 0 |a ger  |b slo 
044 |a xo  |c SK 
080 |a 929 Karol I.  |2 1997 
100 1 |a Dufferová, Alžbeta,  |d 1950-  |4 aut  |9 89436 
245 1 0 |a Kaiser Karl: Ein neuer Seliger für Europa?  |c Dominika Alžbeta Dufferová 
504 |a Bibliogr. odkazy 
546 |a Res. slov. 
600 0 7 |a Karol  |b I.,  |c rakúsky cisár,  |d 1887-1922  |2 snkbucl  |9 180100 
773 0 |t Studia Aloisiana. Ročenka Teologickej fakulty Trnavskej univerzity - 2002  |d Bratislava : Trnavská univerzita - Teologická fakulta, 2003  |g S. 87-96  |z 8071414301 
852 |a SNK  |b KIS3GCP 
958 |a SK 
958 |a NB 
958 |a NT 
999 |c 1740175  |d 1742105